Studies in modern Andhra history / (Record no. 38079)
[ view plain ]
| 000 -LEADER | |
|---|---|
| fixed length control field | 00712nam a22001937a 4500 |
| 005 - DATE AND TIME OF LATEST TRANSACTION | |
| control field | 20100728134440.0 |
| 010 ## - LCCN (DPL NO) | |
| LC control number | ENG--97208 |
| 020 ## - INTERNATIONAL STANDARD BOOK NUMBER | |
| Terms of availability | 300.00 |
| 035 ## - SYSTEM CONTROL NUMBER | |
| System control number | EN-80741 |
| 037 ## - SOURCE OF ACQUISITION | |
| Source of stock number/acquisition | DBAD/PUB |
| 082 ## - DEWEY DECIMAL CLASSIFICATION NUMBER | |
| Classification number | 954.84 |
| 100 ## - MAIN ENTRY--PERSONAL NAME | |
| Personal name | Anjaneyulu, M S R |
| 245 ## - TITLE STATEMENT | |
| Title | Studies in modern Andhra history / |
| Statement of responsibility, etc | by M S R Anjaneyulu |
| 260 ## - PUBLICATION, DISTRIBUTION, ETC. (IMPRINT) | |
| Place of publication, distribution, etc | Visakhapatnam |
| Name of publisher, distributor, etc | M S R Anjaneyulu |
| Date of publication, distribution, etc | 2008 |
| 270 ## - ADDRESS | |
| Address | Flat No. 42, Jeevan Jyothi Apartment Ram Nagar |
| City | Visakhapatnam |
| Postal code | 530002 |
| 300 ## - PHYSICAL DESCRIPTION | |
| Extent | 246 p.: |
| Other physical details | ill. |
| Dimensions | 20 cm.(pbk) |
| Accompanying material | map. |
| 942 ## - ADDED ENTRY ELEMENTS (KOHA) | |
| Source of classification or shelving scheme | Dewey Decimal Classification |
| Item type | English Books |
| Classification part | 954.84 |
| Call number suffix | ANJ |
| Withdrawn status | Lost status | Not for loan | Collection code | Home library | Current library | Date acquired | Source of acquisition | Cost, normal purchase price | Full call number | Barcode | Copy number | Cost, replacement price | Koha item type |
|---|---|---|---|---|---|---|---|---|---|---|---|---|---|
| Not For Loan | Non-fiction | D.B.Act.Division | D.B.Act.Division | 28/07/2010 | DBAD/PUB | 300.00 | 954.84 ANJ | EN-80741 | 1 | 300.00 | English Books |
